All of Rick’s ex - Rick and Morty - Statistics

General Stats
  • This quiz has been taken 19 times
  • The average score is 2 of 6
Answer Stats
Answer % Correct
Unity
94%
Diane sanchez
31%
Gaia
31%
Daphne
13%
Kiara
0%
Poñeta
0%
No matching quizzes found
Score Distribution
Percent of People with Each Score
Percentile by Number Answered
Your Score History
You have not taken this quiz